000 00891nam a2200205Ii 4500
003 JO-AjNU
008 230605s9999||||xx |||||||||||||| ||und||
040 _aJO-AjNU
_bara
_erda
_cJO-AjNU
041 _aara
050 1 4 _aHV 37 .A4354 1984
100 3 _aتحرير: كيرنغهان، كينيث ، وداويفيدي ؛ ترجمة محمد قاسم القريوتي,
_eauthor
_945459
245 0 0 _aاخلاقيات الخدمة العامة : اطر مقارنة
264 3 1 _aعمان: المنظمة العربية للعلوم الادارية، 1984
300 _a174ص
_bيحتوي على ببلوغرافية من 171-174ص
336 _atext
_btxt
_2rdacontent
337 _aunmediated
_bn
_2rdamedia
338 _avolume
_bnc
_2rdacarrier
490 0 _aمنشورات المنظمة العربية للعلوم الادارية
650 4 _aالخدمة المدنية 
_945460
999 _aA19708
_c23276
_d23276